<?xml version="1.0" encoding="UTF-8"?>
<record
    xmlns:xsi="http://www.w3.org/2001/XMLSchema-instance"
    xsi:schemaLocation="http://www.loc.gov/MARC21/slim http://www.loc.gov/standards/marcxml/schema/MARC21slim.xsd"
    xmlns="http://www.loc.gov/MARC21/slim">

  <leader>03239nam a2200565Ia 4500</leader>
  <controlfield tag="001">1611</controlfield>
  <controlfield tag="008">241029s9999    xx            000 0 und d</controlfield>
  <datafield tag="010" ind1=" " ind2=" ">
    <subfield code="a">1505</subfield>
  </datafield>
  <datafield tag="041" ind1=" " ind2=" ">
    <subfield code="a">Espa&#xF1;ol</subfield>
  </datafield>
  <datafield tag="082" ind1=" " ind2=" ">
    <subfield code="a">NO APLICA</subfield>
  </datafield>
  <datafield tag="245" ind1=" " ind2="0">
    <subfield code="a">Estrategias comunicativas del director y la supervisi&#xF3;n del docente en dos (2) Escuelas P&#xFA;blicas del Nivel B&#xE1;sico del Distrito Educativo 16-04, Bonao.</subfield>
  </datafield>
  <datafield tag="260" ind1=" " ind2=" ">
    <subfield code="a">Monse&#xF1;or Nouel</subfield>
  </datafield>
  <datafield tag="300" ind1=" " ind2=" ">
    <subfield code="a">78</subfield>
  </datafield>
  <datafield tag="520" ind1=" " ind2=" ">
    <subfield code="a">7</subfield>
  </datafield>
  <datafield tag="630" ind1=" " ind2=" ">
    <subfield code="a">Comunicaci&#xF3;n</subfield>
  </datafield>
  <datafield tag="630" ind1=" " ind2=" ">
    <subfield code="a">Estrategia</subfield>
  </datafield>
  <datafield tag="630" ind1=" " ind2=" ">
    <subfield code="a">Supervisi&#xF3;n</subfield>
  </datafield>
  <datafield tag="630" ind1=" " ind2=" ">
    <subfield code="a">Transparencia</subfield>
  </datafield>
  <datafield tag="650" ind1=" " ind2=" ">
    <subfield code="a">Administraci&#xF3;n de la Educaci&#xF3;n</subfield>
  </datafield>
  <datafield tag="690" ind1=" " ind2=" ">
    <subfield code="a">Copiado sin cambios</subfield>
  </datafield>
  <datafield tag="700" ind1=" " ind2=" ">
    <subfield code="e">asesor</subfield>
    <subfield code="a">Utate, Jairo </subfield>
  </datafield>
  <datafield tag="700" ind1=" " ind2=" ">
    <subfield code="e">autor</subfield>
    <subfield code="a">V&#xE1;zquez Cruz, Yn&#xE9;s Z</subfield>
  </datafield>
  <datafield tag="700" ind1=" " ind2=" ">
    <subfield code="e">autor</subfield>
    <subfield code="a">Sosa Marte, Josefa</subfield>
  </datafield>
  <datafield tag="901" ind1=" " ind2=" ">
    <subfield code="a">{"1":"V&#xE1;zquez Cruz","2":"Sosa Marte"}</subfield>
    <subfield code="b">{"1":"Yn&#xE9;s Z","2":"Josefa"}</subfield>
  </datafield>
  <datafield tag="902" ind1=" " ind2=" ">
    <subfield code="a">1</subfield>
  </datafield>
  <datafield tag="903" ind1=" " ind2=" ">
    <subfield code="a">{"1":"Utate"}</subfield>
    <subfield code="b">{"1":"Jairo "}</subfield>
  </datafield>
  <datafield tag="904" ind1=" " ind2=" ">
    <subfield code="a">Maestr&#xED;a en</subfield>
  </datafield>
  <datafield tag="905" ind1=" " ind2=" ">
    <subfield code="a">Gesti&#xF3;n de Centros Educativos</subfield>
  </datafield>
  <datafield tag="906" ind1=" " ind2=" ">
    <subfield code="a">2</subfield>
  </datafield>
  <datafield tag="907" ind1=" " ind2=" ">
    <subfield code="a">NO APLICA</subfield>
  </datafield>
  <datafield tag="908" ind1=" " ind2=" ">
    <subfield code="a">NO APLICA</subfield>
  </datafield>
  <datafield tag="909" ind1=" " ind2=" ">
    <subfield code="a">Universidad Adventista Dominicana (UNAD)</subfield>
  </datafield>
  <datafield tag="910" ind1=" " ind2=" ">
    <subfield code="a">NULL</subfield>
    <subfield code="b">NULL</subfield>
  </datafield>
  <datafield tag="911" ind1=" " ind2=" ">
    <subfield code="a">["1"]</subfield>
  </datafield>
  <datafield tag="912" ind1=" " ind2=" ">
    <subfield code="a">NO APLICA</subfield>
  </datafield>
  <datafield tag="913" ind1=" " ind2=" ">
    <subfield code="a">NULL</subfield>
  </datafield>
  <datafield tag="914" ind1=" " ind2=" ">
    <subfield code="a">01 de Febrero de 2008</subfield>
  </datafield>
  <datafield tag="915" ind1=" " ind2=" ">
    <subfield code="a">21/12/19 07:12</subfield>
  </datafield>
  <datafield tag="916" ind1=" " ind2=" ">
    <subfield code="a">NULL</subfield>
  </datafield>
  <datafield tag="917" ind1=" " ind2=" ">
    <subfield code="a">NULL</subfield>
  </datafield>
  <datafield tag="918" ind1=" " ind2=" ">
    <subfield code="a">NO APLICA</subfield>
  </datafield>
  <datafield tag="919" ind1=" " ind2=" ">
    <subfield code="a">["230","92","187","195"]</subfield>
  </datafield>
  <datafield tag="520" ind1=" " ind2=" ">
    <subfield code="a">El prop&#xF3;sito principal de este trabajo es establecer la relaci&#xF3;n que existe entre la estrategia comunicativa del director en la supervisi&#xF3;n de los docentes y las caracter&#xED;sticas implicadas en la supervisi&#xF3;n.Las preguntas que guiaron esta investigaci&#xF3;n: &#xBF;Cu&#xE1;les son las estrategias comunicativas que utiliza el director frente al docente? &#xBF;Cu&#xE1;les son las caracter&#xED;sticas de la comunicaci&#xF3;n director/docente en la poblaci&#xF3;n estudiada? &#xBF;Cu&#xE1;les son las caracter&#xED;sticas de la comunicaci&#xF3;n aplicada en la supervisi&#xF3;n por el director a los docentes en la poblaci&#xF3;n estudiada? &#xBF;Qu&#xE9; relaci&#xF3;n existe entre la comunicaci&#xF3;n y el proceso de supervisi&#xF3;n en las dos escuelas p&#xFA;blicas del Nivel B&#xE1;sico del Distrito 16-04.Seg&#xFA;n Wayner (1997) cada vez aparece, con m&#xE1;s fuerza, la preocupaci&#xF3;n de las empresas o las instituciones por contar con unos sistemas organizados, &#xE1;giles y fluidos de comunicaci&#xF3;n entre la direcci&#xF3;n y el personal. A trav&#xE9;s de los canales que, de acuerdo con sus caracter&#xED;sticas, se establezcan y hagan posible que las personas, mediante la transparencia en el conocimiento de los temas que le afectan, pueden sentirse m&#xE1;s involucrados en sus actuaciones de cada d&#xED;a.La presente investigaci&#xF3;n es de car&#xE1;cter descriptivo, la poblaci&#xF3;n est&#xE1; formada por quince escuelas de Nivel B&#xE1;sico del Distrito 16-04, Bonao. Las mismas fueron seleccionadas al azar, la poblaci&#xF3;n la componen treinta maestros de ambas escuelas y en la misma, se tom&#xF3; como muestra la totalidad de maestros y maestras de Nivel B&#xE1;sico de las dos escuelas p&#xFA;blicas, ubicada en la parte c&#xE9;ntrica de la ciudad. Ambas escuelas tienen caracter&#xED;sticas socioculturales y econ&#xF3;micas media-baja similares.</subfield>
  </datafield>
  <datafield tag="921" ind1=" " ind2=" ">
    <subfield code="a">28</subfield>
  </datafield>
  <datafield tag="922" ind1=" " ind2=" ">
    <subfield code="a">28</subfield>
  </datafield>
  <datafield tag="923" ind1=" " ind2=" ">
    <subfield code="a">0</subfield>
  </datafield>
  <datafield tag="924" ind1=" " ind2=" ">
    <subfield code="a">NO APLICA</subfield>
  </datafield>
  <datafield tag="942" ind1=" " ind2=" ">
    <subfield code="c">Tesis</subfield>
  </datafield>
  <datafield tag="999" ind1=" " ind2=" ">
    <subfield code="c">1505</subfield>
    <subfield code="d">1505</subfield>
  </datafield>
</record>
